Normal view MARC view

Entry Personal Name

Number of records used in: 1

001 - CONTROL NUMBER

  • control field: 556389

003 - CONTROL NUMBER IDENTIFIER

  • control field: OSt

005 - DATE AND TIME OF LATEST TRANSACTION

  • control field: 20220930094827.0

008 - FIXED-LENGTH DATA ELEMENTS

  • fixed length control field: 220930|| aca||aabn | a|a d

040 ## - CATALOGING SOURCE

  • Original cataloging agency: OSt
  • Transcribing agency: OSt

100 ## - HEADING--PERSONAL NAME

  • Personal name: प्रो. उज्जवल कुमार सिंह, गा

670 ## - SOURCE DATA FOUND

  • Source citation: Work cat.: (OSt)887735: झा, इन्दरजीत कुमार 556387, भारत में उच्चतर न्यायपालिका की बदलती भूमिका, 2014
Copyright @ Delhi University Library System